000 01995nam0a2200373 4500
001 RU\NLR\bibl\1416955
005 20260407131715.0
010 _a978-5-91476-004-2
_9500
035 _a(nilc)EL/0000269929
035 _aRSLA\BIBL\0000102783
035 _a(NLR Aleph) 001408912
090 _a1269805
_c1269805
100 _a20090518d2008 |||y0rusy50 ca
101 0 _arus
102 _aRU
105 _aa |||||||||
200 1 _aПриютино
_eантология русской усадьбы
_fРос. акад. наук, Ин-т рус. лит. (Пушк. дом)
_gсост. и коммент Л. Г. Агамалян и И. С. Ефимовой
_g[отв. ред. к. филол. н. А. П. Дмитриев]
_gвступ. ст. и подгот. текста Л. Г. Агамалян
210 _aСанкт-Петербург
_cПушкинский дом
_d2008
215 _a781, [2] с., [24] л. цв. ил., портр.
_cил., портр., факс.
_d22
320 _aБиблиогр. в примеч. в конце отд. ст. и в подстроч. примеч.
320 _aУказ. имен в конце кн.
601 0 2 _a"Приютино", литературно-художественный музей-усадьба
_cЛенинградская область
_92157153
_3RU\NLR\auth\661298536
686 _a63.3(2-4Ле-2Приютино)
_vLBC/RL
_2rubbk
686 _aШ5(2=Р)51л6
702 1 _aАгамалян
_bЛ. Г.
_gЛариса Георгиевна
_4220
702 1 _4340
_8rus
_7ca
_aДмитриев
_bА. П.
_cд-р филол. наук, краевед
_f1963-
_gАндрей Петрович
_3RU\NLR\AUTH\7738851
_921835
712 0 2 _4570
_aИнститут русской литературы
_cСанкт-Петербург
_3RU\NLR\AUTH\889987635
_9470889
801 0 _aRU
_bРГБИ
_c20090518
_grcr
801 1 _aRU
_bРГБИ
_c20090518
801 2 _aRU
_bNLR
_c20090622
_grcr
942 _cBOOK
980 _aNB